Courant Littéraire - dates - Statistiques

Statistiques générales
  • Ce quiz a été pris 67 fois
  • Le résultat moyen est 5 sur 14
Statistiques - réponses
Question Réponse % Correct
Le Classicisme 1650-1700
71%
Le Nouveau Roman 1950-1970
59%
Le Parnasse 1866-1876
53%
La Pleiade 1549-1570
47%
Le Symbolisme 1857-1900
47%
L'Humanisme 1530-1570
29%
Les Lumières 1720-1770
29%
Le Romantisme 1820-1850
29%
Le Réalisme 1830-1890
29%
Le Dadaïsme 1916-1923
29%
Le Suréealisme 1920-1940
29%
Le Naturalisme 1830-1890
24%
Le Baroque 1570-1650
18%
L'Absurde 1938-1960
18%
Aucun quiz correspondant
Distribution des résultats
% des personnes avec chaque résultat
Percentile par nombre de réponses
Votre historique - résultats
Vous n’avez pas pris ce quiz